| 000 | 00371nam a22001457a 4500 | ||
|---|---|---|---|
| 020 | _a9788131705339 | ||
| 040 | _cNUST | ||
| 082 | _a621.815 NOR | ||
| 100 | _aNorton, Robert L. | ||
| 245 |
_aMachine Design: _bAn Integrated Approach |
||
| 250 | _a2nd Edition | ||
| 260 |
_aNew Dehli: _bPearson Education, _c2014. |
||
| 650 |
_aMachine Design _9112444 |
||
| 942 |
_2ddc _cBK |
||
| 999 |
_c594809 _d594809 |
||